<?xml version="1.0" encoding="UTF-8"?>
<record
    xmlns:xsi="http://www.w3.org/2001/XMLSchema-instance"
    xsi:schemaLocation="http://www.loc.gov/MARC21/slim http://www.loc.gov/standards/marcxml/schema/MARC21slim.xsd"
    xmlns="http://www.loc.gov/MARC21/slim">

  <leader>00497nam a22001817a 4500</leader>
  <datafield tag="999" ind1=" " ind2=" ">
    <subfield code="c">5505</subfield>
    <subfield code="d">5505</subfield>
  </datafield>
  <controlfield tag="003">GBCCL</controlfield>
  <controlfield tag="005">20241126110543.0</controlfield>
  <controlfield tag="008">180326b           ||||| |||| 00| 0 eng d</controlfield>
  <datafield tag="040" ind1=" " ind2=" ">
    <subfield code="c">gbc</subfield>
  </datafield>
  <datafield tag="082" ind1=" " ind2=" ">
    <subfield code="a">VER 390.08</subfield>
    <subfield code="b">GOU</subfield>
  </datafield>
  <datafield tag="100" ind1=" " ind2=" ">
    <subfield code="a">Gouzanang, T.</subfield>
    <subfield code="9">9926</subfield>
  </datafield>
  <datafield tag="245" ind1=" " ind2=" ">
    <subfield code="a">Paite Pu-Pa Ngeina:</subfield>
    <subfield code="b">Indongta leh zuhawm-Sahawm /</subfield>
    <subfield code="c">T. Gouzanang</subfield>
  </datafield>
  <datafield tag="250" ind1=" " ind2=" ">
    <subfield code="a">2nd Ed.</subfield>
  </datafield>
  <datafield tag="260" ind1=" " ind2=" ">
    <subfield code="a">Lamka:</subfield>
    <subfield code="b">T. Khamzapau</subfield>
    <subfield code="c">2013</subfield>
  </datafield>
  <datafield tag="300" ind1=" " ind2=" ">
    <subfield code="a">106 p.;</subfield>
    <subfield code="b">ill.,</subfield>
    <subfield code="c">21 cm.</subfield>
  </datafield>
  <datafield tag="650" ind1=" " ind2=" ">
    <subfield code="a">Custom</subfield>
    <subfield code="v">Paite</subfield>
    <subfield code="z">Asia</subfield>
    <subfield code="9">9927</subfield>
  </datafield>
  <datafield tag="942" ind1=" " ind2=" ">
    <subfield code="2">ddc</subfield>
    <subfield code="c">BK</subfield>
    <subfield code="0">11</subfield>
  </datafield>
  <datafield tag="952" ind1=" " ind2=" ">
    <subfield code="0">0</subfield>
    <subfield code="1">0</subfield>
    <subfield code="2">ddc</subfield>
    <subfield code="4">0</subfield>
    <subfield code="7">0</subfield>
    <subfield code="8">PAITE</subfield>
    <subfield code="a">GBC</subfield>
    <subfield code="b">GBC</subfield>
    <subfield code="c">VER</subfield>
    <subfield code="d">2018-03-26</subfield>
    <subfield code="l">9</subfield>
    <subfield code="o">VER 390.08 GOU</subfield>
    <subfield code="p">013269</subfield>
    <subfield code="r">2026-02-17 13:52:38</subfield>
    <subfield code="s">2026-02-16</subfield>
    <subfield code="t">c.1</subfield>
    <subfield code="w">2018-03-26</subfield>
    <subfield code="y">BK</subfield>
  </datafield>
  <datafield tag="952" ind1=" " ind2=" ">
    <subfield code="0">0</subfield>
    <subfield code="1">0</subfield>
    <subfield code="2">ddc</subfield>
    <subfield code="4">0</subfield>
    <subfield code="7">0</subfield>
    <subfield code="8">PAITE</subfield>
    <subfield code="a">GBC</subfield>
    <subfield code="b">GBC</subfield>
    <subfield code="c">VER</subfield>
    <subfield code="d">2018-03-26</subfield>
    <subfield code="l">6</subfield>
    <subfield code="m">1</subfield>
    <subfield code="o">VER 390.08 GOU</subfield>
    <subfield code="p">013270</subfield>
    <subfield code="r">2026-01-21 13:15:01</subfield>
    <subfield code="s">2026-01-16</subfield>
    <subfield code="t">c.2</subfield>
    <subfield code="w">2018-03-26</subfield>
    <subfield code="y">BK</subfield>
  </datafield>
</record>
